000 00403nam a2200181Ia 4500
001 24060
005 20260414151018.0
008 260414t1948||||xx |||||||||||||| ||spa||
041 _aESP
082 _a759.44
_bL534
100 _aLejard, André
_eAUT
245 0 _aMatisse
_b
260 _c1948
300 _a(págs varias)
_c18 cm.
650 _aABD
654 _aCAU
942 _cLIB
_dJUS
_fJUS
_2ddc
_n
999 _c24060
_d24060